Digital signal processing: principles, algorithms and applications (Record no. 9731)
[ view plain ]
| 000 -LEADER | |
|---|---|
| fixed length control field | 00625 a2200181 4500 |
| 040 ## - CATALOGING SOURCE | |
| Original cataloging agency | DLC |
| Language of cataloging | DLC |
| 082 ## - DEWEY DECIMAL CLASSIFICATION NUMBER | |
| Classification number | 621.3822 |
| 100 1# - MAIN ENTRY--PERSONAL NAME | |
| Personal name | Proakis, John G. |
| 245 00 - TITLE STATEMENT | |
| Title | Digital signal processing: principles, algorithms and applications |
| Remainder of title | principles, algorithms and applications |
| Statement of responsibility, etc. | John G. Proakis, Dimitris G. Manolakis |
| 250 ## - EDITION STATEMENT | |
| Edition statement | 3. ed. |
| 260 ## - PUBLICATION, DISTRIBUTION, ETC. | |
| Place of publication, distribution, etc. | New Delhi: |
| Name of publisher, distributor, etc. | Prentice-Hall of India, |
| Date of publication, distribution, etc. | 1996 |
| 300 ## - PHYSICAL DESCRIPTION | |
| Extent | xv, 968 p. : |
| Other physical details | ill. |
| Dimensions | 24 cm. |
| 650 #4 - SUBJECT ADDED ENTRY--TOPICAL TERM | |
| Topical term or geographic name entry element | Digital signalbehandling |
| 650 #4 - SUBJECT ADDED ENTRY--TOPICAL TERM | |
| Topical term or geographic name entry element | Digital signalbehandling |
| 650 #4 - SUBJECT ADDED ENTRY--TOPICAL TERM | |
| Topical term or geographic name entry element | Digital signal processing |
| 700 1# - ADDED ENTRY--PERSONAL NAME | |
| Personal name | Manolakis, Dimitris G. |
| 942 ## - ADDED ENTRY ELEMENTS (KOHA) | |
| Koha item type | Book |
| Call number prefix | 621.3822 PRO |
| Source of classification or shelving scheme | |
| Withdrawn status | Lost status | Damaged status | Not for loan | Collection code | Permanent Location | Current Location | Shelving location | Date acquired | Source of acquisition | Cost, normal purchase price | Total Checkouts | Total Renewals | Full call number | Barcode | Date last seen | Date last checked out | Price effective from | Koha item type |
|---|---|---|---|---|---|---|---|---|---|---|---|---|---|---|---|---|---|---|
| Central Library (CL) | Central Library (CL) | General Stacks | 01/04/2005 | Multi-Line Books | 416.83 | 5 | 1 | 621.3822 PRO | SEECS005208 | 01/13/2016 | 12/29/2015 | 01/05/2017 | Book | |||||
| Central Library (CL) | Central Library (CL) | General Stacks | 11/14/2006 | Allied Book Company | 265.50 | 4 | 1 | 621.3822 PRO | SEECS007754 | 06/15/2016 | 02/01/2016 | 01/05/2017 | Book |
